Times de Futebol do Brasileirão 2021 - Statistics

Estatísticas Gerais
  • Esse quiz foi jogado 499 vezes
  • A pontuação média é 71 de 124
Estatísticas das Respostas
Divisão Sede Time % Correto
Série A Curitiba/PR Athletico Paranense
97%
Série A Belo Horizonte/MG Atlético Mineiro
97%
Série A Rio de Janeiro/RJ Flamengo
97%
Série D Rio Branco/AC Atlético Acreano
96%
Série D Fortaleza/CE Atlético Cearense
96%
Série D Alagoinhas/BA Atlético de Alagoinhas
96%
Série A Goiânia/GO Atlético Goianiense
96%
Série A Fortaleza/CE Fortaleza
96%
Série A São Paulo/SP São Paulo
96%
Série A Rio de Janeiro/RJ Fluminense
95%
Série A São Paulo/SP Palmeiras
95%
Série A Salvador/BA Bahia
94%
Série A São Paulo/SP Corinthians
94%
Série B Rio de Janeiro/RJ Botafogo
93%
Série C João Pessoa/PB Botafogo da Paraíba
93%
Série C Ribeirão Preto/SP Botafogo de Ribeirão Preto
93%
Série A Chapecó/SC Chapecoense
93%
Série A Porto Alegre/RS Grêmio
93%
Série A Santos/SP Santos
93%
Série A Cuiabá/MT Cuiabá
92%
Série A Porto Alegre/RS Internacional
92%
Série A Fortaleza/CE Ceará
91%
Série B Belo Horizonte/MG Cruzeiro
90%
Série B Rio de Janeiro/RJ Vasco da Gama
90%
Série D Natal/RN América de Natal
89%
Série A Belo Horizonte/MG América Mineiro
89%
Série A Bragança Paulista/SP Red Bull Bragantino
89%
Série A Recife/PE Sport Recife
89%
Série B Goiânia/GO Goiás
84%
Série A Caxias do Sul/RS Juventude
84%
Série D São Mateus do Maranhão/MA Juventude Samas
84%
Série C Criciúma/SC Criciúma
83%
Série B Curitiba/PR Coritiba
81%
Série B Salvador/BA Vitória
79%
Série C Mirassol/SP Mirassol
77%
Série B Pelotas/RS Brasil de Pelotas
76%
Série C Volta Redonda/RJ Volta Redonda
76%
Série B Londrina/PR Londrina
75%
Série B Campinas/SP Ponte Preta
75%
Série B Florianópolis/SC Avaí
73%
Série B Maceió/AL CSA
73%
Série C Itu/SP Ituano
73%
Série B Brusque/SC Brusque
72%
Série B Recife/PE Náutico
71%
Série B Maceió/AL CRB
70%
Série B Campinas/SP Guarani
70%
Série B Belém/PA Remo
68%
Série D Caxias do Sul/RS Caxias
67%
Série C Belém/PA Paysandu
66%
Série C Recife/PE Santa Cruz
64%
Série C Florianópolis/SC Figueirense
62%
Série C Curitiba/PR Paraná Clube
62%
Série C Altos/PI Altos
61%
Série C Tombos/MG Tombense
61%
Série D Joinville/SC Joinville
60%
Série C Manaus/AM Manaus
60%
Série D Natal/RN ABC
58%
Série C Novo Horizonte/SP Grêmio Novorizontino
58%
Série B Ponta Grossa/PR Operário
58%
Série D Santo André/SP Santo André
58%
Série B Goiânia/GO Vila Nova
58%
Série B São Luís/MA Sampaio Corrêa
55%
Série D Varginha/MG Boa Esporte
53%
Série D Gama/DF Gama
53%
Série D São Paulo/SP Portuguesa
53%
Série D Cascavel/PR Cascavel
50%
Série D Cianorte/PR Cianorte
49%
Série D Paranaguá | Vitória/ES Rio Branco
48%
Série D Venda Nova do Imigrante/ES Rio Branco de Venda Nova
48%
Série D Uberlândia/MG Uberlândia
48%
Série D Taguatinga/DF Brasiliense
46%
Série B Aracaju/SE Confiança
46%
Série D Sousa/PB Sousa
45%
Série D Aparecida de Goiânia/GO Aparecidense
44%
Série D Rio de Janeiro/RJ Bangu
44%
Série D Palmas/TO Palmas
44%
Série D Saquarema/RJ Boavista
43%
Série D Campina Grande/PB Campinense
43%
Série D Goianésia/GO Goianésia
43%
Série D Imperatriz/MA Imperatriz
43%
Série D Limeira/SP Inter de Limeira
42%
Série D Juazeiro/BA Juazeirense
42%
Série D Macapá/AP Ypiranga
42%
Série C Erechim/RS Ypiranga de Erechim
42%
Série D Arapiraca/AL ASA de Arapiraca
41%
Série C Fortaleza/CE Ferroviário
40%
Série D Araraquara/SP Ferroviária
39%
Série D Feira de Santana/BA Bahia de Feira
38%
Série D Caucaia/CE Caucaia
38%
Série C Barueri/SP Oeste
38%
Série C Porto Alegre/RS São José
37%
Série D Tocantinópolis/TO Tocantinópolis
37%
Série D Castanhal/PA Castanhal
36%
Série C Riachão do Jacuípe/BA Jacuipense
36%
Série D Poços de Caldas/MG Caldense
35%
Série D Itabaiana/SE Itabaiana
35%
Série D Murici/AL Murici
33%
Série D São Luís/MA Moto Club
32%
Série D Patrocínio/MG Patrocinense
32%
Série D Aracaju/SE Sergipe
32%
Série D Porto Velho/RO Porto Velho
31%
Série D Jaraguá/GO Jaraguá
30%
Série D Sorocaba/SP São Bento
30%
Série C Fortaleza/CE Floresta
29%
Série D Rio de Janeiro/RJ Madureira
29%
Série D Campina Grande/PB Treze
29%
Série D Nova Mutum/MT Nova Mutum
28%
Série D São Paulo/SP Juventus
27%
Série D Paragominas/PA Paragominas
27%
Série D Piripiri/PI 4 de Julho
25%
Série D Sobral/CE Guarany de Sobral
21%
Série D Camaragibe/PE Retrô
21%
Série D São Leopoldo/RS Aimoré
19%
Série D Boa Vista/RR São Raimundo
18%
Série D Rondonópolis/MT União Rondonópolis
16%
Série D Caruaru/PE Central
15%
Série D Bento Gonçalves/RS Esportivo
15%
Série D Itajaí/SC Marcílio Dias
12%
Série D Rio Brilhante/MS Águia Negra
9%
Série D Rio Branco/AC Galvez
9%
Série D Caracaraí/RR GAS
9%
Série D Itacoatiara/AM Penarol
9%
Série D Manaus/AM Fast Clube
8%
Nenhum quiz correspondente encontrado
Distribuição das Pontuações
Porcentagem de Pessoas com Cada Pontuação
Percentil de Números Respondidos
Sua Pontuação Histórica
Você não jogou esse quiz